[Event "HUN-chT1 Maroczy 2324"]
[White "Molnar, Lili1"]
[Black "Balazs Szalai, Renata"]
[Site "Hungary"]
[Round "10.12"]
[Result "1/2-1/2"]
[Date "2024.04.21"]
[WhiteElo "1702"]
[BlackElo "1863"]
[PlyCount "142"]
[EventDate "2023.10.08"]
[EventType "team-tourn"]
[EventRounds "11"]
[EventCountry "HUN"]
[SourceTitle "EXT 2025"]
[Source "ChessBase"]
[SourceDate "2024.10.14"]
[SourceVersion "1"]
[SourceVersionDate "2024.10.14"]
[SourceQuality "1"]
[WhiteTeam "Kisujszallas"]
[BlackTeam "Neumann Egyetem"]
[WhiteTeamCountry "HUN"]
[BlackTeamCountry "HUN"]

1. d4 d5 2. c4 c6 3. Nf3 Nf6 4. Nc3 e6 5. Bg5 Be7 6. e3 Qa5 7. Nd2 Nbd7 8. Nb3 Qc7 9. Rc1 Bb4 10. Bf4 Qd8 11. Be2 dxc4 12. Bxc4 b5 13. Be2 Bb7 14. Bf3 0-0 15. 0-0 a6 16. Bg3 Nb6 17. Bh4 Nc4 18. Qe2 Be7 19. Bxf6 Bxf6 20. Ne4 Be7 21. Nbc5 Rb8 22. b3 Na5 23. Nd2 Bxc5 24. Rxc5 b4 25. Nc4 Nxc4 26. Qxc4 Qb6 27. Bxc6 Rfc8 28. Bxb7 Qxb7 29. Rc1 Rxc5 30. dxc5 Qc6 31. Rd1 a5 32. Rd6 Qc7 33. Ra6 Rd8 34. g3 h6 35. c6 Rd1+ 36. Kg2 Rd5 37. Ra8+ Kh7 38. Qe4+ g6 39. Qf4 Qxf4 40. exf4 Rc5 41. Rc8 Kg7 42. Kf3 h5 43. Ke3 Kf6 44. Ra8 Rxc6 45. Rxa5 Rc2 46. Ra4 Ke7 47. Rxb4 Rxa2 48. Rb7+ Ke8 49. h3 Rb2 50. f3 h4 51. gxh4 Rh2 52. b4 Rxh3 53. b5 Rxh4 54. b6 Rh1 55. Rc7 Kd8 56. Rxf7 Kc8 57. Kd4 Rb1 58. Kc5 Rb3 59. b7+ Kb8 60. Kd6 Re3 61. Kc6 Rc3+ 62. Kd7 Kxb7 63. Kxe6+ Kc6 64. Kf6 Rxf3 65. Kxg6 Kd6 66. Kf5 Rf1 67. Rh7 Rf2 68. Rf7 Rf1 69. Kg4 Ke6 70. Rf8 Rg1+ 71. Kh3 Ke7 1/2-1/2

[Event "HUN-chT1 Maroczy 2324"]
[White "Gelle, Istvan"]
[Black "Balazs Szalai, Renata"]
[Site "Hungary"]
[Round "5.12"]
[Result "1/2-1/2"]
[Date "2023.12.10"]
[WhiteElo "2150"]
[BlackElo "1863"]
[PlyCount "122"]
[EventDate "2023.10.08"]
[EventType "team-tourn"]
[EventRounds "11"]
[EventCountry "HUN"]
[SourceTitle "EXT 2025"]
[Source "ChessBase"]
[SourceDate "2024.10.14"]
[SourceVersion "1"]
[SourceVersionDate "2024.10.14"]
[SourceQuality "1"]
[WhiteTeam "Hetenyi Geza"]
[BlackTeam "Neumann Egyetem"]
[WhiteTeamCountry "HUN"]
[BlackTeamCountry "HUN"]

1. d4 d5 2. Bf4 Nf6 3. e3 c5 4. c3 Nc6 5. Nd2 Bf5 6. Ngf3 e6 7. Qb3 Qb6 8. Qxb6 axb6 9. Bb5 Nd7 10. a4 Be7 11. 0-0 0-0 12. Rfe1 Rfc8 13. h3 Bg6 14. g4 h6 15. Bg3 Bh7 16. Ra2 Bd8 17. Rea1 Ra7 18. Bd6 Bc7 19. Bxc7 Rxc7 20. a5 bxa5 21. Bxc6 Rxc6 22. Rxa5 Rca6 23. Rxa6 Rxa6 24. Rxa6 bxa6 25. Ne5 Nxe5 26. dxe5 Bc2 27. b4 cxb4 28. cxb4 Kf8 29. Nf3 Bd3 30. Nd4 Ke7 31. f4 g6 32. Kf2 Kd7 33. h4 Bc4 34. Ke1 Bd3 35. Kd2 Bc4 36. Kc3 Bf1 37. Nb3 Kc6 38. Nd2 Be2 39. g5 hxg5 40. fxg5 Bb5 41. Kd4 Kb6 42. e4 Bc4 43. exd5 Bxd5 44. Nf1 Kb5 45. Ne3 Bf3 46. Kc3 Be2 47. Nc2 Kb6 48. Nd4 Bd1 49. Kc4 Ba4 50. Kd3 a5 51. bxa5+ Kxa5 52. Ke3 Kb6 53. Ne2 Kc5 54. Ng3 Kd5 55. Kf4 Bc2 56. h5 gxh5 57. Nxh5 Bg6 58. Nf6+ Kd4 59. Nd7 Kd5 60. Ke3 Kc6 61. Nf6 Kc5 1/2-1/2

[Event "HUN-chT1 Maroczy 2324"]
[White "Balazs Szalai, Renata"]
[Black "Ress, Amira"]
[Site "Hungary"]
[Round "4.12"]
[Result "1/2-1/2"]
[Date "2023.11.26"]
[WhiteElo "1863"]
[BlackElo "1501"]
[PlyCount "146"]
[EventDate "2023.10.08"]
[EventType "team-tourn"]
[EventRounds "11"]
[EventCountry "HUN"]
[SourceTitle "EXT 2025"]
[Source "ChessBase"]
[SourceDate "2024.10.14"]
[SourceVersion "1"]
[SourceVersionDate "2024.10.14"]
[SourceQuality "1"]
[WhiteTeam "Neumann Egyetem"]
[BlackTeam "DVTK EMSE"]
[WhiteTeamCountry "HUN"]
[BlackTeamCountry "HUN"]

1. d4 d5 2. c4 c6 3. Nc3 Nf6 4. Nf3 a6 5. cxd5 cxd5 6. Bf4 Nc6 7. e3 Bg4 8. Be2 Bxf3 9. Bxf3 e6 10. 0-0 Bd6 11. Bxd6 Qxd6 12. Rc1 b5 13. Ne2 0-0 14. Nf4 Rac8 15. Nd3 Nd7 16. Qd2 Rc7 17. Nc5 Nxc5 18. Rxc5 Rfc8 19. b4 Ne7 20. Rfc1 Ng6 21. Qc3 Rxc5 22. bxc5 Qc6 23. Qd3 Ne7 24. Be2 Rb8 25. Rb1 Nc8 26. a4 Na7 27. Qb3 Qc7 28. axb5 axb5 29. h3 h6 30. Qa3 Qb7 31. Rb4 Rc8 32. Qa5 Rb8 33. Qa3 Rc8 34. Qd3 Qc6 35. Qa3 Qb7 36. Bd3 g6 37. Qb2 Rb8 38. Qb1 Kg7 39. e4 Kh7 40. e5 Kg7 41. Qa1 Kh7 42. h4 h5 43. Qd1 Kg7 44. Qf3 Qe7 45. g3 Rb7 46. Qe3 Rb8 47. Bc2 Kh7 48. Qc3 Qc7 49. Kg2 Qe7 50. Qd3 Kg7 51. Qe3 Kh7 52. f4 Kg7 53. Qc3 Qc7 54. Bd3 Qc6 55. Qa3 Qb7 56. Qb2 Kh7 57. Kf3 Kg7 58. Ke3 Kf8 59. Qa3 Kg7 60. Qc3 Qc6 61. Qa1 Qb7 62. Kf2 Kh7 63. Qd1 Kg7 64. Ke3 Qe7 65. Qe2 Qb7 66. Qa2 Kh7 67. Qb1 Kg7 68. Qe1 Qc6 69. Qc3 Kh7 70. Be2 Kg7 71. Qb2 Qb7 72. Qa3 Kh7 73. Qc1 Qc6 1/2-1/2

[Event "HUN-chT1 Maroczy 2223"]
[White "Balazs Szalai, Renata"]
[Black "Lazsadi, Kerka Lilla"]
[Site "Hungary"]
[Round "5.12"]
[Result "1-0"]
[Date "2023.02.12"]
[WhiteElo "1854"]
[BlackElo "1724"]
[PlyCount "81"]
[EventDate "2022.11.20"]
[EventType "team-tourn"]
[EventRounds "9"]
[EventCountry "HUN"]
[SourceTitle "EXT 2025"]
[Source "ChessBase"]
[SourceDate "2024.10.14"]
[SourceVersion "1"]
[SourceVersionDate "2024.10.14"]
[SourceQuality "1"]
[WhiteTeam "Kecskemet TLSE"]
[BlackTeam "DVTK"]
[WhiteTeamCountry "HUN"]
[BlackTeamCountry "HUN"]

1. d4 d5 2. Nf3 Nf6 3. Bf4 Bg4 4. e3 c6 5. c3 Nbd7 6. Nbd2 g6 7. Be2 Bg7 8. h3 Bf5 9. Bh2 Ne4 10. 0-0 h5 11. Nxe4 Bxe4 12. Nd2 Bf5 13. Nf3 Bf6 14. Ne5 Bxe5 15. dxe5 Nc5 16. Qd4 Ne6 17. Qb4 Qc7 18. Rac1 0-0-0 19. a4 a5 20. Qa3 g5 21. b4 h4 22. bxa5 Rdg8 23. f3 Qxa5 24. Qxe7 Re8 25. Qb4 Qa7 26. Kh1 Qxe3 27. Rfe1 Qc5 28. Qb2 Nf4 29. Bf1 Nh5 30. Qd2 Reg8 31. Qd4 Qa5 32. c4 dxc4 33. Bxc4 Ng3+ 34. Bxg3 hxg3 35. e6 Bxh3 36. exf7 Bxg2+ 37. Kxg2 Rh2+ 38. Kxg3 Qc7+ 39. Qe5 Rgh8 40. f8Q+ Rxf8 41. Qxc7+ 1-0

[Event "HUN-chT1 Maroczy 2223"]
[White "Nandin Erdene, Davaadembere"]
[Black "Balazs Szalai, Renata"]
[Site "Hungary"]
[Round "3.11"]
[Result "0-1"]
[Date "2022.12.18"]
[WhiteElo "1784"]
[BlackElo "1855"]
[PlyCount "144"]
[EventDate "2022.11.20"]
[EventType "team-tourn"]
[EventRounds "9"]
[EventCountry "HUN"]
[SourceTitle "EXT 2025"]
[Source "ChessBase"]
[SourceDate "2024.10.14"]
[SourceVersion "1"]
[SourceVersionDate "2024.10.14"]
[SourceQuality "1"]
[WhiteTeam "Debrecen Sakkiskola"]
[BlackTeam "Kecskemet TLSE"]
[WhiteTeamCountry "HUN"]
[BlackTeamCountry "HUN"]

1. e4 d5 2. exd5 Qxd5 3. Nc3 Qd6 4. d4 Nf6 5. Nf3 a6 6. g3 b6 7. Bg2 Bb7 8. Bf4 Qd8 9. Qe2 e6 10. 0-0 Bd6 11. Bxd6 cxd6 12. Rad1 0-0 13. Rfe1 Nbd7 14. Nd2 Bxg2 15. Kxg2 Qc7 16. Nde4 d5 17. Ng5 Rfe8 18. Nf3 b5 19. Ne5 Rac8 20. Rc1 Nxe5 21. Qxe5 Qxe5 22. Rxe5 Rc4 23. Ne2 Ne4 24. b3 Rc6 25. Rh5 Rec8 26. c4 bxc4 27. bxc4 Rxc4 28. Ra1 Rc2 29. Kf1 Nc3 30. Nxc3 R8xc3 31. Re5 Rd3 32. Rb1 g6 33. Re2 Rxe2 34. Kxe2 Rxd4 35. Rb3 Ra4 36. a3 Kg7 37. f3 Rc4 38. Kd2 e5 39. Rd3 Rd4 40. Rxd4 exd4 41. Kd3 Kf6 42. Kxd4 Ke6 43. f4 Kd6 44. g4 f6 45. g5 fxg5 46. fxg5 a5 47. a4 Ke6 48. h3 Kd6 49. Kd3 Kc5 50. Kc3 d4+ 51. Kd3 Kd5 52. Kd2 Kc4 53. Kc2 d3+ 54. Kd2 Kd4 55. h4 Kc4 56. Kd1 Kc3 57. Kc1 Kb3 58. Kd2 Kxa4 59. Kxd3 Kb3 60. Ke4 a4 61. Ke5 a3 62. Kf6 a2 63. Kg7 a1Q+ 64. Kxh7 Qa6 65. Kh6 Kc3 66. h5 gxh5+ 67. Kxh5 Qe2+ 68. Kh6 Qh2+ 69. Kg6 Kd4 70. Kf6 Qf4+ 71. Kg6 Ke5 72. Kh6 Kf5 0-1

[Event "HUN-chT1 Maroczy 2223"]
[White "Gunyecz, Zoltan"]
[Black "Balazs Szalai, Renata"]
[Site "Hungary"]
[Round "2.12"]
[Result "1-0"]
[Date "2022.12.04"]
[WhiteElo "1907"]
[BlackElo "1855"]
[PlyCount "115"]
[EventDate "2022.11.20"]
[EventType "team-tourn"]
[EventRounds "9"]
[EventCountry "HUN"]
[SourceTitle "EXT 2025"]
[Source "ChessBase"]
[SourceDate "2024.10.14"]
[SourceVersion "1"]
[SourceVersionDate "2024.10.14"]
[SourceQuality "1"]
[WhiteTeam "NYVSC"]
[BlackTeam "Kecskemet TLSE"]
[WhiteTeamCountry "HUN"]
[BlackTeamCountry "HUN"]

1. d4 d5 2. c4 c6 3. cxd5 cxd5 4. Nc3 Nf6 5. Nf3 Nc6 6. Bf4 a6 7. e3 e6 8. Bd3 Bd6 9. Bg5 Be7 10. Rc1 Bd7 11. 0-0 0-0 12. Ne5 Rc8 13. f4 h6 14. Bh4 Ne8 15. Bg3 Nxe5 16. fxe5 Bg5 17. Qe2 Nc7 18. Bf4 b5 19. Qg4 b4 20. Ne2 Qe7 21. h4 Bxf4 22. Nxf4 Kh8 23. Ng6+ fxg6 24. Qxg6 Rf5 25. Bxf5 exf5 26. g3 Ne6 27. Rxc8+ Bxc8 28. Qxf5 Bd7 29. Qg6 Be8 30. Qc2 Kg8 31. Qc8 a5 32. Qa6 a4 33. Qa5 Nc7 34. Rc1 Nb5 35. Rc8 Qd7 36. Qd8 Qxd8 37. Rxd8 Kf8 38. Rxd5 a3 39. bxa3 bxa3 40. Rc5 Ke7 41. d5 Bd7 42. Kf2 Kd8 43. Ke1 Nc7 44. Ra5 g5 45. hxg5 hxg5 46. Kd2 Bf5 47. Kc3 Bb1 48. d6 Ne6 49. Rxa3 g4 50. Kc4 Be4 51. Ra7 Bf3 52. Re7 Ng5 53. Kd4 Ne4 54. Rg7 Nxg3 55. Rf7 Be4 56. e6 Bc6 57. Rf8+ Be8 58. Ke5 1-0

[Event "HUN-chT1 Maroczy 2122"]
[White "Davaademberel, Purevdorj"]
[Black "Balazs Szalai, Renata"]
[Site "Hungary"]
[Round "1.11"]
[Result "1-0"]
[Date "2021.10.10"]
[WhiteElo "1806"]
[BlackElo "1856"]
[PlyCount "95"]
[EventDate "2021.10.10"]
[EventType "team-tourn"]
[EventRounds "11"]
[EventCountry "HUN"]
[SourceTitle "EXT 2025"]
[Source "ChessBase"]
[SourceDate "2024.10.14"]
[SourceVersion "1"]
[SourceVersionDate "2024.10.14"]
[SourceQuality "1"]
[WhiteTeam "Debrecen Sakkiskola"]
[BlackTeam "Kecskemet TLSE"]
[WhiteTeamCountry "HUN"]
[BlackTeamCountry "HUN"]

1. e4 c6 2. d4 d5 3. e5 Bf5 4. Nf3 e6 5. Be2 c5 6. Be3 Qb6 7. c4 Nc6 8. cxd5 exd5 9. Nc3 Be6 10. 0-0 c4 11. b3 cxb3 12. axb3 Bb4 13. Na4 Qc7 14. Ng5 Nge7 15. Nxe6 fxe6 16. Bg4 Qc8 17. Qf3 b5 18. Nc5 Bxc5 19. dxc5 Nxe5 20. Bh5+ N5g6 21. c6 Qc7 22. Rfe1 Rf8 23. Qe2 Rf5 24. Bd4 Qxc6 25. Bg4 Rf4 26. Bxg7 Re4 27. Qf3 a5 28. Qh3 Kd7 29. Rxe4 dxe4 30. Rd1+ Nd5 31. Qxh7 Nge7 32. Bf6 Re8 33. Bh5 Qc2 34. Rxd5+ exd5 35. Bxe8+ Kc8 36. Bxb5 Qd1+ 37. Bf1 Nc6 38. h4 Nb4 39. Be5 Qc1 40. Qh8+ Kd7 41. Qg7+ Kc8 42. Qg4+ Kd8 43. h5 Nd3 44. Bd4 Qc6 45. Bxd3 exd3 46. Qg8+ Ke7 47. Qh7+ Kd8 48. Qxd3 1-0

[Event "HUN-chT2 Maroczy 1819"]
[White "Balazs Szalai, Renata"]
[Black "Olah, Tibor"]
[Site "Hungary"]
[Round "7.12"]
[Result "0-1"]
[Date "2019.02.10"]
[WhiteElo "1894"]
[BlackElo "1611"]
[PlyCount "112"]
[EventDate "2018.09.23"]
[EventType "team-tourn"]
[EventRounds "11"]
[EventCountry "HUN"]
[SourceTitle "EXT 2020"]
[Source "ChessBase"]
[SourceDate "2019.10.17"]
[SourceVersion "1"]
[SourceVersionDate "2019.10.17"]
[SourceQuality "1"]
[WhiteTeam "Lillafured DVTK II"]
[BlackTeam "Szeged Maroczy II"]
[WhiteTeamCountry "HUN"]
[BlackTeamCountry "HUN"]

1. d4 d5 2. Nf3 Nc6 3. Bf4 Bg4 4. e3 a6 5. c4 Nf6 6. Nc3 e6 7. h3 Bxf3 8. Qxf3 Bb4 9. Rc1 Ne4 10. Bd3 f5 11. Bxe4 dxe4 12. Qe2 Bd6 13. Bxd6 cxd6 14. a3 Qg5 15. 0-0 h5 16. f3 exf3 17. Qxf3 0-0 18. Ne2 e5 19. d5 Na5 20. Rc3 b5 21. cxb5 axb5 22. Qg3 Qxg3 23. Nxg3 g6 24. b3 Rfc8 25. Rfc1 Rxc3 26. Rxc3 Kf7 27. Nf1 Kf6 28. Nd2 e4 29. b4 Nc4 30. Nxc4 bxc4 31. Kf2 Ke5 32. Rxc4 Rxa3 33. Rc7 Ra2+ 34. Kf1 Kxd5 35. Rg7 Kc4 36. Rxg6 Kd3 37. Rxd6+ Kxe3 38. Rd1 Rb2 39. Re1+ Kf4 40. Re2 Rb1+ 41. Kf2 Rxb4 42. g3+ Ke5 43. Ra2 Rd4 44. Ra5+ Rd5 45. Ra8 h4 46. Re8+ Kd4 47. gxh4 Rc5 48. Rd8+ Ke5 49. h5 Rc2+ 50. Kg1 Rc7 51. Rh8 Kf4 52. h6 Kf3 53. Rg8 Rh7 54. Rg6 e3 55. Re6 e2 56. h4 Rxh6 0-1

[Event "Puspokladany Arnoth Memorial-A 08th"]
[White "Balazs Szalai, Renata"]
[Black "Vass, Laszlo"]
[Site "Puspokladany"]
[Round "7"]
[Result "0-1"]
[Date "2015.08.01"]
[WhiteElo "1916"]
[BlackElo "1814"]
[PlyCount "65"]
[EventDate "2015.07.29"]
[EventType "swiss"]
[EventRounds "9"]
[EventCountry "HUN"]
[SourceTitle "EXT 2025"]
[Source "ChessBase"]
[SourceDate "2024.10.14"]
[SourceVersion "1"]
[SourceVersionDate "2024.10.14"]
[SourceQuality "1"]

1. d4 Nf6 2. Nf3 d5 3. Bf4 Bg4 4. e3 e6 5. Nbd2 c5 6. c3 Nc6 7. Be2 Be7 8. 0-0 0-0 9. h3 Bh5 10. Ne5 Bxe2 11. Qxe2 Nxe5 12. Bxe5 Nd7 13. Bh2 c4 14. e4 b5 15. e5 a5 16. f4 Qb6 17. Rab1 b4 18. g4 a4 19. Nf3 Qa5 20. cxb4 Bxb4 21. a3 Be7 22. Bg3 Rfb8 23. Be1 Qa7 24. f5 Bxa3 25. Bh4 Bb4 26. f6 gxf6 27. exf6 Rc8 28. Qe3 Bf8 29. Qg5+ Kh8 30. Qh5 Kg8 31. Ng5 Qxd4+ 32. Bf2 Qd3 33. Qxf7+ 0-1

[Event "Puspokladany Arnoth Memorial-A 08th"]
[White "Leszko, Bence"]
[Black "Balazs Szalai, Renata"]
[Site "Puspokladany"]
[Round "6"]
[Result "1-0"]
[Date "2015.08.01"]
[WhiteElo "1968"]
[BlackElo "1916"]
[PlyCount "95"]
[EventDate "2015.07.29"]
[EventType "swiss"]
[EventRounds "9"]
[EventCountry "HUN"]
[SourceTitle "EXT 2025"]
[Source "ChessBase"]
[SourceDate "2024.10.14"]
[SourceVersion "1"]
[SourceVersionDate "2024.10.14"]
[SourceQuality "1"]

1. Nf3 Nf6 2. g3 g6 3. Bg2 Bg7 4. 0-0 0-0 5. d3 d6 6. Nbd2 Nc6 7. e4 e5 8. c3 Nh5 9. Ne1 Bh8 10. f4 Ng7 11. Nc4 Be6 12. Ne3 Ne7 13. d4 exd4 14. cxd4 f5 15. d5 Bd7 16. e5 Bb5 17. Rf2 Nh5 18. Qb3 Ba6 19. Bf3 Ng7 20. Bd2 h6 21. Bc3 Ne8 22. N1c2 g5 23. exd6 Nxd6 24. Bxh8 Kxh8 25. Qc3+ Kh7 26. fxg5 hxg5 27. a4 Ng6 28. Nd4 Rf7 29. Ne6 Qe7 30. Rc1 Rc8 31. b4 b6 32. b5 Bb7 33. Qd2 f4 34. Nc4 Kh6 35. Nxd6 cxd6 36. Re1 Qf6 37. h4 gxh4 38. gxf4 Nxf4 39. Bg4 Qc3 40. Nxf4 Qxd2 41. Rxd2 Rxf4 42. Bxc8 Bxc8 43. Rg2 Rxa4 44. Re8 Bg4 45. Rh8+ Kg5 46. Rg8+ Kf5 47. Rf2+ Ke5 48. Rg5+ 1-0

[Event "Puspokladany Arnoth Memorial-A 08th"]
[White "Balazs Szalai, Renata"]
[Black "Szollosi, Laszlo Jr"]
[Site "Puspokladany"]
[Round "5"]
[Result "0-1"]
[Date "2015.07.31"]
[WhiteElo "1916"]
[BlackElo "2158"]
[PlyCount "82"]
[EventDate "2015.07.29"]
[EventType "swiss"]
[EventRounds "9"]
[EventCountry "HUN"]
[SourceTitle "EXT 2025"]
[Source "ChessBase"]
[SourceDate "2024.10.14"]
[SourceVersion "1"]
[SourceVersionDate "2024.10.14"]
[SourceQuality "1"]

1. d4 d5 2. Nf3 Nf6 3. Bf4 Bf5 4. e3 Nbd7 5. Be2 c6 6. c3 h6 7. Nbd2 e6 8. 0-0 Qb6 9. Qb3 g5 10. Bg3 Nh5 11. Qxb6 axb6 12. c4 Nxg3 13. fxg3 Bg6 14. Ne1 Bg7 15. Bd3 Bxd3 16. Nxd3 0-0 17. cxd5 exd5 18. Nf3 Rfe8 19. Rfe1 Re7 20. Re2 c5 21. Kf1 Re6 22. Nf2 b5 23. dxc5 Nxc5 24. Rc1 b6 25. b3 d4 26. Nxd4 Bxd4 27. exd4 Rxe2 28. Kxe2 Rxa2+ 29. Ke3 Nxb3 30. Rc6 Nxd4 31. Rxb6 Nf5+ 32. Kf3 Kg7 33. Ne4 Rb2 34. Nf6 Nd4+ 35. Ke4 Ne6 36. Nh5+ Kf8 37. Kf3 b4 38. h4 b3 39. Nf6 Rb1 40. Nd5 b2 41. Kg4 Rd1 0-1

[Event "HUN-ch U16 Girls"]
[White "Lovasz, Evelin"]
[Black "Balazs Szalai, Renata"]
[Site "Balatonlelle"]
[Round "6"]
[Result "0-1"]
[Date "2012.06.29"]
[WhiteElo "1536"]
[BlackElo "1881"]
[PlyCount "84"]
[EventDate "2012.06.22"]
[EventType "tourn"]
[EventRounds "7"]
[EventCountry "HUN"]
[SourceTitle "EXT 2014"]
[Source "ChessBase"]
[SourceDate "2013.11.20"]
[SourceVersion "1"]
[SourceVersionDate "2013.11.20"]
[SourceQuality "1"]

1. d4 Nf6 2. c4 g6 3. Nc3 Bg7 4. e3 d6 5. Be2 0-0 6. Nf3 Nbd7 7. 0-0 e5 8. Qc2 Re8 9. Bd3 Nh5 10. Rd1 Rf8 11. dxe5 dxe5 12. e4 c6 13. Be3 Qe7 14. Ne1 Bh8 15. g3 Ng7 16. Ng2 f5 17. exf5 gxf5 18. Qd2 e4 19. Be2 Qf7 20. Rf1 Ne5 21. b3 Ne6 22. Rac1 Bf6 23. f4 exf3 24. Bxf3 Kh8 25. Qe2 Qg7 26. Nd1 Bg5 27. Bxg5 Nxg5 28. Nh4 f4 29. Re1 Ngxf3+ 30. Nxf3 Bg4 31. Rc3 Nxf3+ 32. Rxf3 Bxf3 33. Qxf3 fxg3 34. Qxg3 Qxg3+ 35. hxg3 Rae8 36. Rxe8 Rxe8 37. Kf2 Kg7 38. Ne3 Kg6 39. g4 Kg5 40. Kf3 Rxe3+ 41. Kxe3 Kxg4 42. Kf2 Kf4 0-1

[Event "HUN-ch U16 Girls"]
[White "Balazs Szalai, Renata"]
[Black "Horvath, Ilona Klara"]
[Site "Balatonlelle"]
[Round "5"]
[Result "0-1"]
[Date "2012.06.27"]
[WhiteElo "1881"]
[BlackElo "1824"]
[PlyCount "70"]
[EventDate "2012.06.22"]
[EventType "tourn"]
[EventRounds "7"]
[EventCountry "HUN"]
[SourceTitle "EXT 2014"]
[Source "ChessBase"]
[SourceDate "2013.11.20"]
[SourceVersion "1"]
[SourceVersionDate "2013.11.20"]
[SourceQuality "1"]

1. e4 c6 2. Nc3 d5 3. Nf3 Bg4 4. exd5 cxd5 5. h3 Bh5 6. g4 Bg6 7. Nh4 Nc6 8. Nxg6 hxg6 9. Bg2 e6 10. d4 Bb4 11. 0-0 Nf6 12. Be3 a6 13. f4 Bd6 14. Rb1 Qc7 15. Qf3 Ne7 16. Kf2 Bb4 17. Bd2 Bxc3 18. Qxc3 Qxc3 19. Bxc3 Ne4+ 20. Bxe4 dxe4 21. Kg3 Nd5 22. Bd2 Rc8 23. c3 b5 24. f5 e3 25. Be1 exf5 26. gxf5 g5 27. Rf3 Kd7 28. Rc1 f6 29. b3 Nf4 30. Kh2 Ne2 31. Rd1 Nxc3 32. Rd3 Nd5 33. Kg1 Rc1 34. Kf1 g4 35. Rg3 Rxh3 0-1

[Event "HUN-chT2 Toth 1112"]
[White "Babinszki, Janos"]
[Black "Balazs Szalai, Renata"]
[Site "Hungary"]
[Round "8.6"]
[Result "1/2-1/2"]
[Date "2012.03.25"]
[WhiteElo "1851"]
[BlackElo "1912"]
[PlyCount "88"]
[EventDate "2011.09.25"]
[EventType "team-tourn"]
[EventRounds "11"]
[EventCountry "HUN"]
[SourceTitle "EXT 2013"]
[Source "ChessBase"]
[SourceDate "2012.11.22"]
[SourceVersion "1"]
[SourceVersionDate "2012.11.22"]
[SourceQuality "1"]
[WhiteTeam "Mezobereny"]
[BlackTeam "Mako"]
[WhiteTeamCountry "HUN"]
[BlackTeamCountry "HUN"]

1. d4 Nf6 2. c4 g6 3. Nc3 Bg7 4. e4 d6 5. Bd3 Nbd7 6. Nge2 0-0 7. h3 e5 8. d5 Nc5 9. 0-0 Nxd3 10. Qxd3 Nh5 11. g4 Nf6 12. f4 exf4 13. Bxf4 Nd7 14. b3 Ne5 15. Qg3 Qd7 16. Rad1 h5 17. gxh5 Qxh3 18. hxg6 Qxg3+ 19. Bxg3 Nxg6 20. Nb5 Bg4 21. Rd2 Rfc8 22. Nf4 a6 23. Nxg6 fxg6 24. Nd4 Re8 25. Re1 Re7 26. Bh4 Re5 27. Rg2 Ree8 28. Rxg4 Bxd4+ 29. Bf2 Bxf2+ 30. Kxf2 Kf7 31. Reg1 Rg8 32. Ke3 Rae8 33. b4 Re7 34. Rf4+ Kg7 35. Kd4 Rge8 36. Rfg4 Kf7 37. a4 Re5 38. a5 g5 39. Rc1 c6 40. c5 dxc5+ 41. Rxc5 cxd5 42. Rxd5 Kf6 43. Rd6+ R8e6 44. Rd5 Re7 1/2-1/2

[Event "HUN-chT2 Toth 1112"]
[White "Banyai, Istvan"]
[Black "Balazs Szalai, Renata"]
[Site "Hungary"]
[Round "7.9"]
[Result "1/2-1/2"]
[Date "2012.03.11"]
[WhiteElo "1968"]
[BlackElo "1912"]
[PlyCount "60"]
[EventDate "2011.09.25"]
[EventType "team-tourn"]
[EventRounds "11"]
[EventCountry "HUN"]
[SourceTitle "EXT 2013"]
[Source "ChessBase"]
[SourceDate "2012.11.22"]
[SourceVersion "1"]
[SourceVersionDate "2012.11.22"]
[SourceQuality "1"]
[WhiteTeam "Gyula"]
[BlackTeam "Mako"]
[WhiteTeamCountry "HUN"]
[BlackTeamCountry "HUN"]

1. e4 e5 2. Nf3 Nc6 3. Bc4 Bc5 4. 0-0 Nf6 5. d3 0-0 6. Nc3 h6 7. h3 d6 8. Be3 Bb6 9. Bxb6 axb6 10. Re1 Bd7 11. a3 Ne7 12. d4 exd4 13. Nxd4 Ng6 14. Qd2 Nh5 15. Rad1 Nhf4 16. Qe3 Qg5 17. Qg3 Qxg3 18. fxg3 Ne6 19. Nf3 Bc6 20. Bd5 Bxd5 21. exd5 Nc5 22. Re3 Rfe8 23. Rde1 Kf8 24. Kf2 Rxe3 25. Rxe3 Re8 26. Rxe8+ Kxe8 27. Ke3 Kd8 28. b3 Nd7 29. Kd4 Nf6 30. Ne2 Nd7 1/2-1/2

[Event "HUN-chT U18"]
[White "Felde, Bence"]
[Black "Balazs Szalai, Renata"]
[Site "Miskolc"]
[Round "5.5"]
[Result "0-1"]
[Date "2011.11.04"]
[WhiteElo "1898"]
[BlackElo "1917"]
[PlyCount "92"]
[EventDate "2011.11.02"]
[EventType "team-swiss"]
[EventRounds "8"]
[EventCountry "HUN"]
[SourceTitle "EXT 2012"]
[Source "ChessBase"]
[SourceDate "2011.11.24"]
[SourceVersion "1"]
[SourceVersionDate "2011.11.24"]
[SourceQuality "1"]
[WhiteTeam "Tungsram"]
[BlackTeam "Mako"]
[WhiteTeamCountry "HUN"]
[BlackTeamCountry "HUN"]

1. d4 d5 2. Nf3 e6 3. c4 c6 4. Nc3 Nf6 5. Bf4 Be7 6. e3 0-0 7. Rc1 Nbd7 8. h3 a6 9. Bd3 dxc4 10. Bxc4 b5 11. Bd3 Bb7 12. 0-0 c5 13. dxc5 Nxc5 14. Be2 Qxd1 15. Rfxd1 Rac8 16. b4 Nce4 17. Nxe4 Bxe4 18. Rxc8 Rxc8 19. Bd6 Kf8 20. Bxe7+ Kxe7 21. Kf1 Rc2 22. Rd2 Rc1+ 23. Rd1 Rxd1+ 24. Bxd1 Nd5 25. a3 Nc3 26. Bb3 Nb1 27. Ke2 Nxa3 28. Kd2 Nb1+ 29. Kc1 Nc3 30. Ne1 Nd5 31. f3 Bg6 32. Bxd5 exd5 33. Nc2 Bxc2 34. Kxc2 Kd6 35. Kc3 f6 36. Kd4 Kc6 37. g3 a5 38. bxa5 b4 39. Kd3 Kb5 40. Kc2 Kxa5 41. Kb3 Kb5 42. h4 g6 43. g4 f5 44. h5 fxg4 45. hxg6 hxg6 46. e4 gxf3 0-1

[Event "HUN-chT U18"]
[White "Doma, Erno"]
[Black "Balazs Szalai, Renata"]
[Site "Miskolc"]
[Round "2.5"]
[Result "1-0"]
[Date "2011.11.03"]
[WhiteElo "1531"]
[BlackElo "1917"]
[PlyCount "45"]
[EventDate "2011.11.02"]
[EventType "team-swiss"]
[EventRounds "8"]
[EventCountry "HUN"]
[SourceTitle "EXT 2012"]
[Source "ChessBase"]
[SourceDate "2011.11.24"]
[SourceVersion "1"]
[SourceVersionDate "2011.11.24"]
[SourceQuality "1"]
[WhiteTeam "Sarvar"]
[BlackTeam "Mako"]
[WhiteTeamCountry "HUN"]
[BlackTeamCountry "HUN"]

1. e4 e5 2. Nf3 Nc6 3. Bc4 Bc5 4. d3 Nf6 5. c3 d6 6. h3 Bb6 7. Bb3 0-0 8. 0-0 Ne7 9. Re1 Ng6 10. Nbd2 Nf4 11. Nf1 N6h5 12. Bxf4 Nxf4 13. Ng3 Bxh3 14. gxh3 Nxh3+ 15. Kh2 Nxf2 16. Qd2 Qd7 17. Nf5 Kh8 18. Rg1 Nxe4 19. dxe4 Bxg1+ 20. Rxg1 Qd8 21. Rxg7 Qf6 22. Ng5 h6 23. Rh7+ 1-0